| 000 | 01659nam a22002297a 4500 | ||
|---|---|---|---|
| 005 | 20250725130425.0 | ||
| 008 | 250725b |||||||| |||| 00| 0 eng d | ||
| 020 | _a9781433833717 | ||
| 040 | _cAL | ||
| 041 | _aEnglish | ||
| 082 |
_a150.72 _bELLE |
||
| 100 |
_aRobert Elliott _9220145 |
||
| 245 |
_aEssentials of descriptive interpretive qualitative research _b: A generic approach |
||
| 260 |
_aWashington _bAmerican Psychological Association _c2021 |
||
| 300 |
_a108 p. _bPB _c23x15 cm. |
||
| 365 |
_aIN-1332 _b₹3503.35 _c₹ _d₹3503.35 _e0% _f30-06-2025 |
||
| 520 | _aThis book offers a no-nonsense, step-by-step approach to qualitative research in psychology and related fields, presenting principles for using a generic approach to descriptive-interpretive qualitative research. Based on more than 50 years of combined experience doing qualitative research on psychotherapy, the authors offer an overarching framework of best research practices common to a wide range of approaches. About the Essentials of Qualitative Methods book series: Even for experienced researchers, selecting and correctly applying the right method can be challenging. In this groundbreaking series, leading experts in qualitative methods provide clear, crisp, and comprehensive descriptions of their approach, including its methodological integrity, and its benefits and limitations. Each book includes numerous examples to enable readers to quickly and thoroughly grasp how to leverage these valuable methods. | ||
| 650 |
_2Psychology _aResearch methodology _9220077 |
||
| 650 |
_aqualitative research _9220078 |
||
| 700 |
_aTimulak,Ladislav _9220146 |
||
| 942 |
_2ddc _cBK |
||
| 999 |
_c234674 _d234674 |
||